000 01027nam a22002537a 4500
003 BD-DhSAU
005 20170809170457.0
008 161006b2015 bg ad||| |||| 00| 0 eng d
040 _aBD-DhSAU
082 _222
_a630
_bSu67
100 _aSumon, Md. Jafrul Islam
_4REGISTRATION NO. # 09-03646
245 _aYield and quality of aromatic rice varieties as influenced by combination of chemical fertilizer and green manure / Ms Thesis
_c Md. Jafrul Islam Sumon
260 _aDhaka :
_bSher- e- Bangla Agricultural University , Department of Agronomy
_c2015
300 _axiv , 123 p. :
_bill. ;
_c30 cm.
590 _aKamim
650 _aAgriculture
650 _aAgronomy
650 _aYield and quality of aromatic rice varieties
650 _ainfluenced by combination of chemical fertilizer and green manure
700 _aRoy, Tuhun Suvra
_4Supervisor
700 _aAmin, A.K.M. Ruhul
_4Co-Supervisor
856 _uhttp://archive.saulibrary.edu.bd:8080/handle/123456789/966
_yOnline Access
942 _2ddc
_cTHESIS
999 _c13604
_d13603